| Tag |
First Indicator |
Second Indicator |
Subfields |
| LEADER |
00000cam a22000008a 4500 |
| 001 |
in00000072725 |
| 005 |
20151008054614.0 |
| 008 |
800108s1981 nyub b 00110 engm |
| 010 |
|
|
|a 80000095
|
| 020 |
|
|
|a 0312768737 :
|c $18.95
|
| 035 |
|
|
|a (OCoLC)05946316
|
| 035 |
|
|
|9 AAJ1145AM
|
| 040 |
|
|
|a DLC
|c DLC
|d m.c.
|d TXA
|d UtOrBLW
|
| 049 |
|
|
|a TXAM
|c [1672539]
|
| 050 |
0 |
0 |
|a D217
|b .W62 1981
|
| 082 |
0 |
|
|a 327.1/12
|
| 100 |
1 |
|
|a Woodruff, William.
|
| 245 |
1 |
4 |
|a The struggle for world power, 1500-1980 /
|c William Woodruff.
|
| 263 |
|
|
|a 8005
|
| 264 |
|
1 |
|a New York :
|b St. Martin's Press,
|c 1981.
|
| 300 |
|
|
|a xvi, 371 pages :
|b maps ;
|c 22 cm.
|
| 336 |
|
|
|a text
|b txt
|2 rdacontent
|
| 337 |
|
|
|a unmediated
|b n
|2 rdamedia
|
| 338 |
|
|
|a volume
|b nc
|2 rdacarrier
|
| 500 |
|
|
|a Includes index.
|
| 504 |
|
|
|a Bibliography: pages 36-342.
|
| 650 |
|
0 |
|a World politics.
|
| 650 |
|
0 |
|a Balance of power.
|
| 999 |
|
|
|a MARS
|
| 999 |
f |
f |
|s 3497c691-8fe2-346e-840c-d62309665693
|i 794db060-b476-3772-ada9-79dfcf3fa99b
|t 0
|
| 952 |
f |
f |
|p ric
|a Texas A&M University
|b Rellis Campus
|c Joint Library Facility
|d Remote Storage
|t 0
|e D217 .W62 1981
|h Library of Congress classification
|i unmediated -- volume
|m A14806094583
|
| 998 |
f |
f |
|a D217 .W62 1981
|t 0
|l Remote Storage
|